• 首页
  • 本馆介绍
  • 公告通知
  • 最新文献
  • 馆藏检索
  • 电子资源
  • 读者导购
  • 参考咨询
  • 我的图书馆
  • 登录
  • 详细信息显示
  • 放入我的书架
  • 预约/预借图书
  • 作者相关作品
  • 分类相关作品
  • 丛书相关作品
  • 出版社相关作品

书目信息

  • 表格格式
  • 工作单格式
  • 卡片格式
题名:
中国传媒经典个案
    
 
作者: 赵均 主编
分册:  
出版信息: 北京   中国传媒大学出版社  2010
页数: 17,286页
开本: 24cm
丛书名: 现代传播文丛
单 册:
中图分类: G219.2-53 , G222.3-53
科图分类:
主题词: 传播媒介--中国--1998~2008--文集 , 电视节目--案例--中国--1998~2008--文集 , 广播节目--案例--中国--1998~2008--文集
电子资源:
ISBN: 978-7-81127-805-7
000 01087oam2 2200289 45
001 1130219078
005 20110309091151.92
010    @a978-7-81127-805-7@dCNY48.00
100    @a20110122d2010 em y0chiy50 ea
101 0  @achi
102    @aCN@b110000
105    @aa z 000yy
106    @ar
200 1  @a中国传媒经典个案@AZhong Guo Chuan Mei Jing Dian Ge An@e1998-2008@f赵均主编@FZhao Jun Zhu Bian
210    @a北京@c中国传媒大学出版社@d2010
215    @a17,286页@c照片@d24cm
225 2  @a现代传播文丛
330    @a本书收录了《崔永远的魅力》、《历史自有风情》、《好点子价值千金》、《在公益的天空下》、《一个栏目盘活整个频道》、《北京奥运会开幕式的奇观美学》、《看健康类节目如何讲故事》、《一次“智慧的盛宴”》等文章。
461  0 @12001 @a现代传播文丛
606 0  @a传播媒介@y中国@z1998~2008@j文集
606 0  @a电视节目@x案例@y中国@z1998~2008@j文集
606 0  @a广播节目@x案例@y中国@z1998~2008@j文集
690    @aG219.2-53@v4
690    @aG222.3-53@v4
701  0 @a赵均@AZhao Jun@4主编
801  0 @aCN@bTANGWEI@c20110309
905    @b0530614-17@dG219.2-53@e418@f4
    
    中国传媒经典个案:1998-2008/赵均主编.-北京:中国传媒大学出版社,2010
    17,286页:照片;24cm.-(现代传播文丛)
    
    
    ISBN 978-7-81127-805-7:CNY48.00
    本书收录了《崔永远的魅力》、《历史自有风情》、《好点子价值千金》、《在公益的天空下》、《一个栏目盘活整个频道》、《北京奥运会开幕式的奇观美学》、《看健康类节目如何讲故事》、《一次“智慧的盛宴”》等文章。
●
相关链接 在E读中查询图书 在五车中查询图书 在当当中查询图书 在豆瓣中查询图书


正题名:中国传媒经典个案     索取号:G219.2-53/418         预约/预借

序号 登录号 条形码 馆藏地/架位号 状态 备注
1 0530614   205306140   第一样本阅览室/ [索取号:G219.2-53/418] 在馆    
2 0530615   205306159   密集书库-文学院/ [索取号:G219.2-53/418] 在馆    
3 0530616   205306168   第四借阅区/ [索取号:G219.2-53/418] 在馆    
4 0530617   205306177   密集书库-文学院/ [索取号:G219.2-53/418] 在馆    
唐山师范学院图书馆 欢迎您!
大连网信软件有限公司© 版权所有